University Home | Library Home | Institutional Repository

Methods for the analysis of human chromosome aberrations / (Record no. 42680)

MARC details
000 -LEADER
fixed length control field 00924cam2a220026500 4500
001 - CONTROL NUMBER
control field qce00874006
005 - DATE AND TIME OF LATEST TRANSACTION
control field 20190813172820.0
008 - FIXED-LENGTH DATA ELEMENTS--GENERAL INFORMATION
fixed length control field 740909s1973 sz a b i000 0 eng
010 ## - LIBRARY OF CONGRESS CONTROL NUMBER
LC control number 74175267 //r84
035 ## - SYSTEM CONTROL NUMBER
System control number (Sirsi) r67045
035 ## - SYSTEM CONTROL NUMBER
System control number (QCAT)lss00674214
035 ## - SYSTEM CONTROL NUMBER
System control number (UPRA)qce00874006
040 ## - CATALOGING SOURCE
Modifying agency UPRA
050 0# - LIBRARY OF CONGRESS CALL NUMBER
Classification number RB155
Item number .M47
082 ## - DEWEY DECIMAL CLASSIFICATION NUMBER
Classification number 611/.0181
245 00 - TITLE STATEMENT
Title Methods for the analysis of human chromosome aberrations /
Statement of responsibility, etc. edited by K.E. Buckton [and] H.J. Evans.
260 ## - PUBLICATION, DISTRIBUTION, ETC.
Place of publication, distribution, etc. Geneva :
Name of publisher, distributor, etc. World Health Organization,
Date of publication, distribution, etc. 1973.
504 ## - BIBLIOGRAPHY, ETC. NOTE
Bibliography, etc. note Bibliography: p. 26.
650 #0 - SUBJECT ADDED ENTRY--TOPICAL TERM
Topical term or geographic name entry element Human chromosome abnormalities.
Linkage S13199.1
650 #0 - SUBJECT ADDED ENTRY--TOPICAL TERM
Topical term or geographic name entry element Karyotypes.
Linkage S13200.1
700 1# - ADDED ENTRY--PERSONAL NAME
Personal name Buckton, K. E.
Linkage A27662.1
700 1# - ADDED ENTRY--PERSONAL NAME
Personal name Evans, H. J. (Henry John), 1930-
Fuller form of name Evans, H. J. (Henry John), 1930-
Dates associated with a name Evans, H. J. (Henry John), 1930-
Linkage A27663.1
949 ## - LOCAL PROCESSING INFORMATION (OCLC)
a RB155
w LC
i -89728
m MEDICAL
t BOOK
l ON-SHELF
Holdings
Withdrawn status Lost status Source of classification or shelving scheme Damaged status Not for loan Home library Current library Shelving location Total Checkouts Full call number Barcode Date last seen Copy number Price effective from Koha item type
    Library of Congress Classification     Medical Library Medical Library On Shelf   RB155 -89728 08/13/2019 1 08/13/2019 Book
© 2026 - The University of Zambia Library - Koha v25.11